[Event "Mechanics' SummerTNM; 30/90, SD/30"]
[Site "San Francisco"]
[Date "2014.07.01"]
[Round "6.9"]
[White "Potharam, Eitetsu"]
[Black "Klinetobe, David"]
[Result "0-1"]
[WhiteElo "1825"]
[BlackElo "2017"]
[PlyCount "58"]
[EventDate "2014.??.??"]

1. d4 Nf6 2. c4 e6 3. g3 d5 4. Nf3 Bb4+ 5. Bd2 Be7 6. Bg2 O-O 7. cxd5 exd5 8.
O-O Bf5 9. Nc3 c6 10. Rc1 Nbd7 11. Re1 h6 12. a3 Ne4 13. Nxe4 Bxe4 14. Bc3 Re8
15. Nd2 Bxg2 16. Kxg2 Nf6 17. Qb3 Qd7 18. Nf3 Bd6 19. e3 Ne4 20. Bb4 Bc7 21.
Bc3 Rab8 22. Re2 Qf5 23. Nd2 Ng5 24. Qd1 h5 25. Re1 Qh3+ 26. Kg1 h4 27. Nf1 Qf5
28. Kg2 h3+ 29. Kh1 Qe4+ 0-1

[Event "Mechanics' Spring TNM; 30/90, SD/30"]
[Site "San Francisco"]
[Date "2014.04.22"]
[Round "6.7"]
[White "Potharam, Eitetsu"]
[Black "Malykin, Erica"]
[Result "1-0"]
[WhiteElo "1800"]
[BlackElo "1560"]
[Annotator "Donaldson"]
[PlyCount "43"]
[EventDate "2014.??.??"]

1. e4 e6 2. d4 c5 3. Nf3 cxd4 4. Nxd4 Nc6 (4... Nf6 5. Nc3 Bb4 6. e5 Nd5 (6...
Ne4 7. Qg4 Nxc3 8. a3 (8. Qxg7 Rf8 9. a3 Ba5 10. Bh6 Qe7 11. Bd2)) 7. Bd2) (
4... Nf6 5. Nc3 Nc6 6. Ndb5) 5. Nc3 Bb4 6. Be3 (6. Ndb5) (6. Nxc6 $1 bxc6 7.
Qd4 $1) 6... Bxc3+ 7. bxc3 Nf6 8. f3 d5 9. Bb5 Bd7 10. O-O dxe4 (10... O-O) 11.
fxe4 Nxe4 $2 12. Qg4 Nxd4 13. Qxg7 Rf8 14. Bh6 Qe7 (14... Bxb5 15. Qxf8+ Kd7
16. Qxd8+ Rxd8 17. Rfd1 Nxc3 18. Rxd4+) 15. Bxd7+ Kxd7 16. Qxd4+ Qd6 17. Qxe4
Qc5+ 18. Kh1 Kc7 19. Bxf8 Rxf8 20. Qd4 Qg5 21. Qf4+ Qxf4 22. Rxf4 1-0

[Event "Mechanics' Winter TNM; 30/90, SD/30"]
[Site "San Francisco"]
[Date "2014.01.21"]
[Round "3.7"]
[White "Potharam, Eitetsu"]
[Black "Tsodikova, Natalya"]
[Result "0-1"]
[WhiteElo "1824"]
[BlackElo "2226"]
[PlyCount "66"]
[EventDate "2014.??.??"]

1. e4 c5 2. Nf3 d6 3. d4 cxd4 4. Nxd4 Nf6 5. Nc3 a6 6. Bg5 e6 7. f4 Be7 8. Qf3
h6 9. Bh4 Qc7 10. O-O-O Nbd7 11. g4 b5 12. Bxf6 Nxf6 13. Bd3 b4 14. Nce2 Nd7
15. h4 Nc5 16. g5 Bd7 17. Rhf1 Rc8 18. Kb1 Nxd3 19. Qxd3 Qc4 20. Qxc4 Rxc4 21.
Ng3 hxg5 22. hxg5 Rh3 23. Nde2 e5 24. b3 Rc5 25. f5 Bxg5 26. Rxd6 Bb5 27. Rfd1
Rh2 28. Rb6 Rc8 29. c4 bxc3 30. Nxc3 Be3 31. Nxb5 axb5 32. Rxb5 Bd4 33. Rh1
Rb2+ 0-1

[Event "Mechanics' Winter TNM; 30/90, SD/30"]
[Site "San Francisco"]
[Date "2014.02.25"]
[Round "8.7"]
[White "Potharam, Eitetsu"]
[Black "Watson, Farid Mark"]
[Result "1/2-1/2"]
[WhiteElo "1824"]
[BlackElo "2053"]
[Annotator "Donaldson"]
[PlyCount "111"]
[EventDate "2014.??.??"]

1. e4 g6 2. Nf3 Bg7 3. d4 d6 4. Nc3 Nf6 5. Be3 O-O 6. h3 a6 7. a4 b6 8. Be2 Bb7
9. d5 c6 10. dxc6 Nxc6 11. O-O Rc8 12. e5 dxe5 13. Qxd8 Rfxd8 14. Bxb6 Rd7 (
14... e4 $1) 15. Rfd1 e6 16. Bc5 Nd5 17. Nxd5 exd5 18. c3 Nd8 19. Bb4 Nc6 20.
Bc5 Nd8 21. Bb4 Ne6 22. g3 Nc5 23. Bxc5 Rxc5 24. Ne1 d4 25. Nd3 Rcc7 26. cxd4
Rxd4 27. Rac1 Rxc1 28. Rxc1 Rxa4 (28... e4 29. Nc5 Bd5 30. Nxa6 Rxa4) 29. Nc5
Rb4 30. Nxb7 Rxb7 31. Rc8+ Bf8 32. Bxa6 Rxb2 33. Bc4 Rb6 34. Re8 Rc6 35. Bd5
Rc1+ 36. Kg2 Kg7 37. Rb8 Bd6 38. Rb7 Bc7 39. g4 h6 40. Rb4 Bd6 41. Rb7 Bc7 42.
Rb4 f5 43. gxf5 gxf5 44. Rc4 Rxc4 45. Bxc4 Kf6 46. f3 Kg5 47. Bd3 Kf4 48. Bb1
Ba5 49. Bc2 Be1 50. Bd3 h5 51. Bb1 h4 52. Bc2 Bb4 53. Bb1 Bc5 54. Bc2 e4 55.
fxe4 fxe4 56. Bxe4 1/2-1/2

[Event "Mechanics' Spring TNM; 30/90, SD/30"]
[Site "San Francisco"]
[Date "2014.05.06"]
[Round "8.5"]
[White "Potharum, Eitetsu"]
[Black "Byambaa, Uyanga"]
[Result "0-1"]
[WhiteElo "1800"]
[BlackElo "2136"]
[Annotator "Donaldson"]
[PlyCount "86"]
[EventDate "2014.??.??"]

1. e4 c5 2. c3 g6 3. d4 cxd4 4. cxd4 d5 5. e5 Nc6 6. Nf3 Bg4 7. Be2 e6 8. O-O
Bxf3 9. Bxf3 Bg7 10. Nc3 Nge7 11. Bg5 O-O 12. Qd2 a6 13. Rac1 Qb6 14. Bxe7 Nxe7
15. Na4 Qb5 16. b3 Nf5 17. Rc5 Qe8 18. Bg4 b5 19. Bxf5 bxa4 20. Bc2 axb3 21.
Bxb3 Qd8 22. Rfc1 a5 23. a4 Rb8 24. Rb5 Qh4 25. Rd1 Qd8 26. Rc1 f6 27. exf6
Qxf6 28. Rd1 h5 29. Bc2 Ra8 30. f3 h4 31. Qe2 Ra6 32. h3 Qf4 33. Qd3 Qg3 34.
Qe2 Qg5 35. Qd2 Qxd2 36. Rxd2 Bh6 37. Re2 Kf7 38. Rb7+ Kf6 39. Kf2 Bf4 $11 40.
Bb1 $2 (40. Bd3 $11) 40... Rc8 41. Bd3 $6 (41. Rc2 $17) 41... Rc3 $19 42. Rb3
$2 Rxb3 43. Bxa6 Bg3+ 0-1

[Event "Mechanics' Fall TNM; 30/90, SD/30"]
[Site "San Francisco"]
[Date "2014.12.09"]
[Round "7.35"]
[White "Purland, Matthew"]
[Black "Chandrasekaran, Siddarth"]
[Result "1-0"]
[WhiteElo "1479"]
[BlackElo "1627"]
[PlyCount "59"]
[EventDate "2014.??.??"]

1. e4 e5 2. Nf3 Nc6 3. d4 d6 4. d5 Nce7 5. c4 Nf6 6. Nc3 Bg4 7. Be2 c6 8. Be3
g6 9. b4 Bg7 10. a4 c5 11. bxc5 dxc5 12. O-O Nd7 13. Nd2 Bxe2 14. Nxe2 O-O 15.
Qb3 b6 16. Nc3 Nf6 17. h3 Ne8 18. a5 Nd6 19. axb6 Qxb6 20. Rfb1 Qxb3 21. Rxb3
Rfd8 22. Bxc5 Nec8 23. Be3 f5 24. f3 f4 25. Bf2 g5 26. c5 Ne8 27. Nc4 Ne7 28.
Rb7 Bf8 29. Raxa7 g4 30. hxg4 1-0

[Event "Mechanics' Fall TNM; 30/90, SD/30"]
[Site "San Francisco"]
[Date "2014.11.25"]
[Round "5.42"]
[White "Purland, Matthew"]
[Black "Frank, Robert"]
[Result "1/2-1/2"]
[WhiteElo "1479"]
[BlackElo "1286"]
[Annotator "Donaldson"]
[PlyCount "92"]
[EventDate "2014.??.??"]

1. e4 e5 2. Nf3 Nf6 3. Nxe5 d6 4. Nf3 Nxe4 5. d4 d5 6. Bd3 Be7 7. O-O O-O 8. c4
Be6 9. Re1 Nf6 10. Qc2 Nc6 11. a3 h6 12. Be3 dxc4 13. Bxc4 Bxc4 14. Qxc4 Qd5
15. Qd3 Bd6 16. Nc3 Qh5 17. Nb5 Rad8 18. Nxd6 Rxd6 19. Bf4 Rd7 20. Ne5 Nxe5 21.
Bxe5 Nd5 22. Rac1 f6 23. Bg3 c6 24. Re6 Qg5 25. Rce1 Nf4 26. Bxf4 Qxf4 27. Qc4
Qxd4 28. Rxc6+ Qxc4 29. Rxc4 Rfd8 30. g3 Kf7 31. Rce4 b6 32. f4 Kg6 33. g4 a5
34. b4 axb4 35. Rxb4 Rd4 36. f5+ Kf7 37. Rxb6 Rxg4+ 38. Kh1 Rf4 39. Rb7+ Kg8
40. Rg1 Rxf5 41. Rbxg7+ Kh8 42. R7g6 Kh7 43. Rg7+ Kh8 44. R7g6 Kh7 45. Rg7+ Kh8
46. R7g6 Kh7 1/2-1/2

[Event "Mechanics' Fall TNM; 30/90, SD/30"]
[Site "?"]
[Date "2014.10.28"]
[Round "2"]
[White "Purland, Matthew"]
[Black "Shakhnazarov, Oleg"]
[Result "0-1"]
[WhiteElo "1479"]
[BlackElo "2154"]
[PlyCount "62"]
[EventDate "2014.??.??"]

1. e4 e5 2. Nf3 Nc6 3. d4 exd4 4. Nxd4 Qf6 5. c3 Bc5 6. Be3 Nge7 7. Bc4 O-O 8.
O-O Ne5 9. Bb3 d6 10. f3 N7g6 11. Qc1 h6 12. Qc2 c6 13. Nd2 Nf4 14. Bxf4 Qxf4
15. Kh1 Qh4 16. Nc4 Nxc4 17. Bxc4 a5 18. a3 d5 19. Bd3 Bd6 20. g4 dxe4 21. Bxe4
Bf4 22. Nf5 Qf6 23. Rad1 Be6 24. Nd4 Bc4 25. Rfe1 a4 26. Nf5 g6 27. Ne3 Bb3 28.
Qd3 Rad8 29. Qxd8 Rxd8 30. Rxd8+ Qxd8 31. Ng2 Qd2 0-1

[Event "Mechanics' Spring TNM; 30/90, SD/30"]
[Site "San Francisco"]
[Date "2014.04.15"]
[Round "5.18"]
[White "Quick, Bryan"]
[Black "Hakobyan, Sos"]
[Result "0-1"]
[WhiteElo "1589"]
[BlackElo "1787"]
[Annotator "Donaldson"]
[PlyCount "48"]
[EventDate "2014.??.??"]

1. e4 e6 2. d4 d5 3. Nd2 Nf6 4. e5 Nfd7 5. Bd3 c5 6. c3 Nc6 7. Ne2 cxd4 8. cxd4
f6 9. exf6 Nxf6 10. Nf3 Bd6 11. O-O Qc7 12. Bg5 O-O 13. Rc1 Ng4 14. h3 Rxf3 15.
gxf3 $2 (15. hxg4) 15... Nh2 16. Bh4 $2 Nxf3+ 17. Kh1 Nxh4 18. f4 Nf5 19. Bxf5
exf5 20. Qd2 Qf7 21. a3 Bd7 22. Nc3 Re8 23. Qg2 Nxd4 24. Nxd5 Bc6 0-1

[Event "Mechanics' Winter TNM; 30/90, SD/30"]
[Site "San Francisco"]
[Date "2014.01.14"]
[Round "2.37"]
[White "Rakonitz, David"]
[Black "Ayinala, Shreenidhi"]
[Result "1-0"]
[WhiteElo "1477"]
[BlackElo "760"]
[Annotator "Donaldson"]
[PlyCount "77"]
[EventDate "2014.??.??"]

1. d4 d5 2. Nf3 Nf6 3. c4 dxc4 (3... c6 4. Nc3 dxc4 5. a4 Bf5 6. e3 e6 7. Bxc4)
4. Nc3 Bf5 (4... c6 5. e4 b5) (4... a6 5. e4 b5) 5. e3 e6 6. Bxc4 Nc6 7. a3 (7.
O-O Nb4 $6 8. Qe2 Nc2 $2 (8... Be7) 9. e4 Nxa1 10. exf5) 7... Be7 8. O-O O-O 9.
Qe2 Bg4 10. h3 Bh5 11. Rd1 Qc8 12. Bd3 (12. e4 e5 $1) (12. g4 $1 Bg6 13. e4 $16
) 12... Nd5 13. Bc2 (13. e4 $2 Nxd4) 13... Nxc3 14. bxc3 e5 15. e4 Rd8 16. d5
Na5 17. Bd2 c6 18. c4 b6 19. Bxa5 bxa5 20. Ba4 (20. g4 Bg6 (20... Bxg4 21. hxg4
Qxg4+ 22. Kf1 (22. Kh1 Qh5+ 23. Kg1 Qg4+) 22... Qh3+ 23. Ke1 $18) 21. Nxe5)
20... cxd5 21. cxd5 Rd6 22. Rdc1 Qa6 23. Qxa6 Rxa6 24. Nxe5 Bf6 25. f4 g5 26.
g3 gxf4 27. gxf4 Kh8 28. Rab1 Rg8+ 29. Kh2 (29. Kf2 Bh4+ 30. Ke3 Rg3+ 31. Kd4
Rxa3) 29... Bxe5 30. fxe5 Bf3 31. Rg1 Rxg1 32. Rxg1 Bxe4 33. d6 f6 34. d7 Bg6
35. d8=Q+ Kg7 36. Qe7+ Kg8 37. Bb3+ Re6 38. Bxe6+ Kh8 39. Qf8# 1-0

[Event "Mechanics' Whitehead TNM; 30/90, SD/30"]
[Site "San Francisco"]
[Date "2014.09.23"]
[Round "8.16"]
[White "Rakonitz, David"]
[Black "Chen, Mingson"]
[Result "1/2-1/2"]
[WhiteElo "1558"]
[BlackElo "1900"]
[Annotator "Donaldson"]
[PlyCount "43"]
[EventDate "2014.??.??"]

1. d4 g6 2. Nf3 Bg7 3. c4 d6 4. Nc3 Nf6 5. e4 O-O 6. Bg5 c5 7. d5 Qa5 8. Nd2 e6
9. Be2 exd5 10. exd5 a6 11. O-O b5 12. Nb3 Qc7 13. cxb5 Nbd7 14. a4 Bb7 15.
bxa6 Bxa6 16. Bxa6 Rxa6 17. Nb5 Qb7 18. Bf4 Rb8 19. Qd2 Qxd5 20. Nc7 Qxb3 21.
Nxa6 Rb6 22. Nc7 {White is better as the knight escapes via b5.} 1/2-1/2

[Event "Mechanics' Fall TNM; 30/90, SD/30"]
[Site "San Francisco"]
[Date "2014.10.21"]
[Round "1.9"]
[White "Rakonitz, David"]
[Black "Goins, Demetrius"]
[Result "0-1"]
[WhiteElo "1568"]
[BlackElo "2159"]
[PlyCount "70"]
[EventDate "2014.??.??"]

1. d4 d5 2. Nf3 Nf6 3. c4 c6 4. Nc3 dxc4 5. a4 Bf5 6. e3 e6 7. Bxc4 Bb4 8. O-O
Nbd7 9. Qe2 O-O 10. Rd1 Qa5 11. Bd2 e5 12. dxe5 Nxe5 13. Nxe5 Qxe5 14. Be1 Rae8
15. h3 Ba5 16. Bd3 Bc8 17. Qf3 Bc7 18. Kf1 g5 19. Qg3 Qxg3 20. fxg3 Rxe3 21.
Bf2 Re6 22. Bc4 Re5 23. g4 Bb6 24. Bd4 Bxd4 25. Rxd4 Rfe8 26. Rad1 Kg7 27. Kf2
Be6 28. Bxe6 R8xe6 29. R1d2 h5 30. gxh5 Nxh5 31. Rd7 Rf6+ 32. Kg1 Re1+ 33. Kh2
Rff1 34. g4 Nf4 35. Rxb7 Re3 0-1

[Event "Mechanics' SummerTNM; 30/90, SD/30"]
[Site "?"]
[Date "2014.07.01"]
[Round "6"]
[White "Rakonitz, David"]
[Black "Gomboludeev, Enkhjin"]
[Result "1-0"]
[WhiteElo "1558"]
[BlackElo "1533"]
[PlyCount "63"]
[EventDate "2014.05.28"]

1. d4 d5 2. Nf3 Nf6 3. c4 c6 4. Nc3 e6 5. Bg5 h6 6. Bh4 Be7 7. e3 Nbd7 8. Qc2
O-O 9. Bd3 dxc4 10. Bxc4 b5 11. Bd3 Bb7 12. O-O a6 13. Ne4 Rc8 14. Nc5 Nxc5 15.
dxc5 Qd5 16. b4 a5 17. Rfd1 Qh5 18. a3 Rfe8 19. Bg3 Nd5 20. Rab1 axb4 21. axb4
Ra8 22. e4 Nf6 23. Ra1 Red8 24. Bc7 Rdc8 25. Bg3 Rd8 26. Bc7 Rd7 27. Rxa8+ Bxa8
28. Bg3 Ra7 29. Qb2 Qg4 30. h3 Qh5 31. Ra1 Ra4 32. Bc2 1-0

[Event "Mechanics' SummerTNM; 30/90, SD/30"]
[Site "San Francisco"]
[Date "2014.06.17"]
[Round "4.30"]
[White "Rakonitz, David"]
[Black "Hood, Bryan"]
[Result "1-0"]
[WhiteElo "1558"]
[BlackElo "1092"]
[PlyCount "61"]
[EventDate "2014.??.??"]

1. d4 d5 2. Nf3 Nf6 3. c4 g6 4. cxd5 e6 5. dxe6 Bxe6 6. Nc3 Bg7 7. Bg5 O-O 8.
e3 c6 9. Be2 Qa5 10. O-O Nbd7 11. a3 Nd5 12. Rc1 Nxc3 13. Rxc3 c5 14. Be7 Rfc8
15. Rc1 cxd4 16. exd4 Qb6 17. Rxc8+ Rxc8 18. d5 Bf5 19. Bh4 Bf6 20. Bxf6 Nxf6
21. Qd4 Qxd4 22. Nxd4 Be4 23. Nb5 Nxd5 24. Nd6 Rc2 25. Bc4 Ne7 26. Bxf7+ Kg7
27. Re1 Bxg2 28. Rxe7 Bc6 29. Kf1 Rd2 30. Nc4 Bb5 31. Ke1 1-0

[Event "Mechanics' Winter TNM; 30/90, SD/30"]
[Site "San Francisco"]
[Date "2014.02.04"]
[Round "5.21"]
[White "Rakonitz, David"]
[Black "McCarty-Snead, Callaghan"]
[Result "1-0"]
[WhiteElo "1477"]
[BlackElo "1668"]
[PlyCount "115"]
[EventDate "2014.??.??"]

1. d4 d5 2. Nf3 Nf6 3. c4 c6 4. Nc3 e6 5. Bg5 Bd6 6. e3 O-O 7. Qc2 Nbd7 8. Bd3
Qc7 9. c5 Be7 10. Bxh7+ Kh8 11. Bd3 Re8 12. Bf4 Qa5 13. h3 Ng8 14. a3 Ngf6 15.
b4 Qd8 16. O-O Nh5 17. Bh2 a6 18. a4 b6 19. Rfb1 Bb7 20. Ne2 b5 21. axb5 axb5
22. Qb2 Ba6 23. Ra3 Bb7 24. Rba1 Rxa3 25. Rxa3 Qc8 26. Nc1 Bd8 27. Nb3 Bc7 28.
Na5 Bxh2+ 29. Nxh2 Qc7 30. Nxb7 Qxb7 31. Qa2 g6 32. Ra7 Qc8 33. Nf3 Kg7 34. Qa5
Nb8 35. Ne5 Rf8 36. Rc7 Qd8 37. Qa7 Qe8 38. Qb7 Kf6 39. Nxc6 Nxc6 40. Rxc6 Kg5
41. Bxb5 Kh4 42. Rc7 Qd8 43. Re7 Nf6 44. Bc6 Ne4 45. b5 Qa5 46. Rxf7 Qe1+ 47.
Kh2 Rxf7 48. Qxf7 Nxf2 49. Qf4+ Kh5 50. g4+ Nxg4+ 51. hxg4+ Kh4 52. Kg2 Qb1 53.
b6 e5 54. dxe5 d4 55. exd4 Qb3 56. Qh6+ Kxg4 57. Bd7+ Qe6 58. Bxe6# 1-0

[Event "Mechanics' Whitehead TNM; 30/90, SD/30"]
[Site "San Francisco"]
[Date "2014.08.26"]
[Round "4.29"]
[White "Rakonitz, David"]
[Black "Plants, Tyler"]
[Result "1-0"]
[WhiteElo "1558"]
[BlackElo "908"]
[PlyCount "35"]
[EventDate "2014.??.??"]

1. d4 d5 2. Nf3 Nf6 3. c4 dxc4 4. Nc3 e6 5. e3 Nc6 6. Bxc4 Bb4 7. O-O O-O 8.
Qe2 Na5 9. Bd3 g6 10. Rd1 Qe7 11. e4 Nc6 12. Bg5 Bd7 13. e5 Rfd8 14. Bxf6 Qe8
15. Qe3 Be7 16. Qh6 Bxf6 17. exf6 Ne7 18. Qg7# 1-0

[Event "Mechanics' Fall TNM; 30/90, SD/30"]
[Site "San Francisco"]
[Date "2014.11.18"]
[Round "4.41"]
[White "Rakonitz, David"]
[Black "Purland, Matthew"]
[Result "1-0"]
[WhiteElo "1568"]
[BlackElo "1479"]
[PlyCount "65"]
[EventDate "2014.??.??"]

1. d4 Nf6 2. Nf3 g6 3. c4 Bg7 4. Nc3 O-O 5. e4 d6 6. Bg5 Nbd7 7. Be2 e5 8. d5
a5 9. O-O Nc5 10. Qc2 Bd7 11. Rab1 Qc8 12. a3 a4 13. Nd2 Ne8 14. Be7 f5 15.
Bxf8 Bxf8 16. exf5 Bxf5 17. Nde4 Kh8 18. Bd3 Nf6 19. Nxc5 dxc5 20. Rbe1 Bd6 21.
Ne4 Nxe4 22. Bxe4 Qd7 23. Bxf5 gxf5 24. Qc3 Re8 25. f4 Kg8 26. fxe5 Bf8 27.
Qg3+ Bg7 28. Qg5 Kh8 29. Rxf5 Rg8 30. Qf4 Bh6 31. Qf3 b5 32. Rf7 Rxg2+ 33. Kxg2
1-0

[Event "Mechanics' Whitehead TNM; 30/90, SD/30"]
[Site "San Francisco"]
[Date "2014.08.12"]
[Round "2.15"]
[White "Rakonitz, David"]
[Black "Thornally, Frank"]
[Result "1/2-1/2"]
[WhiteElo "1558"]
[BlackElo "2200"]
[PlyCount "91"]
[EventDate "2014.??.??"]

1. d4 d5 2. Nf3 Nf6 3. c4 e6 4. Nc3 Nbd7 5. Bg5 c6 6. e3 Qa5 7. Bxf6 Nxf6 8.
Be2 Bb4 9. Qc2 Ne4 10. Rc1 Qxa2 11. O-O Nxc3 12. bxc3 Qxc2 13. Rxc2 Bd6 14.
cxd5 exd5 15. Bd3 O-O 16. h3 Re8 17. c4 dxc4 18. Rxc4 Be6 19. Rc2 Bd5 20. Nd2
Rad8 21. Rb1 Re7 22. Nc4 Bc7 23. Kf1 b6 24. Ra1 Bb8 25. Be2 Be4 26. Rcc1 f5 27.
Nd2 Bd5 28. Bc4 a5 29. Bxd5+ cxd5 30. Rc6 Rb7 31. Rac1 Kf7 32. Ke2 Ke7 33. Rb1
Bc7 34. Rb5 a4 35. Kd3 Ra7 36. Kc2 Rd6 37. Rc3 Bd8 38. Kb2 Bc7 39. Nb1 Rd8 40.
Na3 Rb7 41. Rc2 Bd6 42. Ka2 Ke6 43. Rc6 Rdb8 44. Kb2 Kd7 45. Rc2 Ke6 46. Rc6
1/2-1/2

[Event "Mechanics' SummerTNM; 30/90, SD/30"]
[Site "San Francisco"]
[Date "2014.07.15"]
[Round "8.18"]
[White "Rakonitz, David"]
[Black "Zhao, Audrey"]
[Result "0-1"]
[WhiteElo "1558"]
[BlackElo "1788"]
[Annotator "Donaldson"]
[PlyCount "50"]
[EventDate "2014.??.??"]

1. d4 d5 2. Nf3 Nf6 3. c4 c6 4. Nc3 e6 5. Bg5 Be7 6. e3 Nbd7 7. Qc2 h6 8. Bh4
a6 9. Bd3 dxc4 10. Bxc4 b5 11. Bd3 Bb7 12. O-O O-O 13. Rfd1 $1 Rc8 14. Qe2 (14.
a4 b4 15. Bxf6 Nxf6 16. Ne4 Nxe4 17. Bxe4 f5 18. Bd3 c5) 14... Qb6 15. Ne4 Rfe8
16. Nxf6+ Bxf6 17. Bxf6 Nxf6 18. Rac1 (18. b4 $16) 18... c5 19. dxc5 Rxc5 20.
b4 Rc7 21. Rxc7 Qxc7 22. Nd4 Nd5 23. Qb2 Rc8 24. Ne2 Nc3 25. h3 $4 (25. Nxc3
Qxc3 26. Qxc3 Rxc3 27. e4 $15) 25... Nxd1 0-1

[Event "Mechanics' Spring TNM; 30/90, SD/30"]
[Site "San Francisco"]
[Date "2014.04.22"]
[Round "6.21"]
[White "Regzedmaa, Ganhuyag"]
[Black "Cohee, James"]
[Result "0-1"]
[WhiteElo "1483"]
[BlackElo "1638"]
[PlyCount "48"]
[EventDate "2014.??.??"]

1. e4 e5 2. Nf3 Nc6 3. Bc4 Bc5 4. d3 Nf6 5. h3 O-O 6. Nc3 d6 7. Na4 Bb6 8. Nxb6
axb6 9. a3 h6 10. Bd2 d5 11. exd5 Nxd5 12. O-O Kh8 13. Re1 Re8 14. Nh2 Bf5 15.
Ng4 Re6 16. Ne3 Nxe3 17. Bxe3 Rf6 18. c3 Qd7 19. Kh2 Na5 20. a4 Rd8 21. h4 Nc6
22. Qb3 Qd6 23. g3 Qd7 24. h5 Bg4 0-1

[Event "Mechanics' Spring TNM; 30/90, SD/30"]
[Site "San Francisco"]
[Date "2014.04.01"]
[Round "3.17"]
[White "Regzedmaa, Ganhuyag"]
[Black "Lkhagvasuren, Zolboo"]
[Result "0-1"]
[WhiteElo "1483"]
[BlackElo "1802"]
[PlyCount "90"]
[EventDate "2014.??.??"]

1. e4 c5 2. Nf3 Nc6 3. Nc3 d6 4. Be2 Nf6 5. d3 e6 6. O-O Be7 7. h3 O-O 8. a3 a6
9. Nh2 Nd4 10. Be3 Nxe2+ 11. Nxe2 b5 12. f3 d5 13. c3 Bb7 14. e5 Nd7 15. d4
cxd4 16. cxd4 f6 17. f4 fxe5 18. fxe5 Rxf1+ 19. Qxf1 Qb6 20. Qf2 Rf8 21. Qg3 b4
22. Bh6 Rf7 23. Rf1 Rxf1+ 24. Kxf1 Bf8 25. a4 b3 26. Ng4 Kh8 27. Bg5 Qb4 28. a5
Qa4 29. Qc3 Bc6 30. Nc1 Bb4 31. Qxb3 Qb5+ 32. Kf2 Qxa5 33. Nd3 Bd2 34. Be7 h5
35. Ne3 Ba4 36. Qb7 Bb5 37. Qc8+ Kh7 38. Qc2 Bxe3+ 39. Kxe3 Bxd3 40. Qxd3+ g6
41. Bh4 Qb6 42. Kf4 Qxb2 43. g4 Qh2+ 44. Kg5 Nxe5 45. Qe2 Qxe2 0-1

[Event "Mechanics' Spring TNM; 30/90, SD/30"]
[Site "San Francisco"]
[Date "2014.05.06"]
[Round "8.19"]
[White "Regzedmaa, Ganhuyag"]
[Black "Poling, Scott"]
[Result "0-1"]
[WhiteElo "1483"]
[BlackElo "1659"]
[PlyCount "48"]
[EventDate "2014.??.??"]

1. e4 e6 2. Nf3 d5 3. exd5 exd5 4. d3 Bd6 5. Nc3 c6 6. a3 Ne7 7. Bg5 f6 8. Bd2
O-O 9. Be2 Nd7 10. O-O Ne5 11. Re1 Qc7 12. g3 Bh3 13. Bf1 Qd7 14. Nh4 Bxf1 15.
Rxf1 Qh3 16. f3 Bc5+ 17. Kh1 g5 18. Ng2 Nf5 19. Qe1 Rae8 20. Ne3 Nd4 21. Qd1
Ne6 22. Ng2 Bd6 23. f4 Ng4 24. Kg1 Qxh2# 0-1

[Event "Mechanics' Spring TNM; 30/90, SD/30"]
[Site "San Francisco"]
[Date "2014.03.25"]
[Round "2.31"]
[White "Regzedmaa, Ganhuyag"]
[Black "Schlosberg, Max"]
[Result "1-0"]
[WhiteElo "1483"]
[BlackElo "1180"]
[Annotator "Donaldson"]
[PlyCount "55"]
[EventDate "2014.??.??"]

1. e4 e5 2. Nf3 Nc6 3. Bc4 Bc5 4. d3 Nf6 5. Bg5 h6 6. Bh4 g5 (6... d6 7. Nc3
Be6) 7. Bg3 d6 8. h3 Be6 9. Nbd2 Qd7 10. a3 O-O-O {Now White has a target.} (
10... Rg8 {intending ...h5.}) 11. b4 Bb6 12. c3 g4 13. Nh4 (13. hxg4 Nxg4 14.
a4) 13... gxh3 14. Bxe6 fxe6 (14... Qxe6 15. Rxh3 d5 $1) 15. Rxh3 Rhg8 16. a4
a5 17. b5 Ne7 18. Nc4 Bc5 $2 (18... Ng6) 19. Nxa5 Rdf8 20. Nb3 Ba7 21. c4 Ng4
22. Nf3 Ng6 23. a5 Nf4 $1 24. Bxf4 Rxf4 $2 (24... Bxf2+ $1 25. Kd2 exf4 $19) (
24... Nxf2 $2 25. b6 Nxd1 26. bxa7 $18) 25. b6 $1 cxb6 26. axb6 Nxf2 27. Rxa7
Nxd1 28. Ra8# 1-0

[Event "Mechanics' SummerTNM; 30/90, SD/30"]
[Site "San Francisco"]
[Date "2014.07.15"]
[Round "8.23"]
[White "Reyes, Robert"]
[Black "Afkham-Ebrahimi, Payam"]
[Result "1/2-1/2"]
[WhiteElo "1383"]
[BlackElo "1897"]
[Annotator "Donaldson"]
[PlyCount "91"]
[EventDate "2014.??.??"]

1. e4 e5 2. Nf3 Nc6 3. d4 exd4 4. Nxd4 Nge7 5. Bc4 Ne5 6. Bb3 g6 7. Bf4 Bg7 8.
O-O (8. Nc3 O-O 9. Qd2 d6 10. O-O-O) 8... O-O 9. c3 (9. Nc3) 9... d6 10. Na3 b6
11. Bxe5 (11. Re1) 11... dxe5 12. Nf3 Qe8 (12... Ba6) 13. Nc4 Ba6 14. Re1 Rd8
15. Qc2 Nc6 16. Rad1 Qe7 17. Ne3 Rc8 18. Nd5 Qc5 19. Ba4 b5 20. b4 Qd6 21. Nb6
$2 (21. Bb3) 21... Qf6 $2 (21... Nxb4 $1) 22. Nxc8 bxa4 {Diagram #} 23. Qxa4 (
23. Nd6 $1 cxd6 24. Qxa4 Bb7 25. b5 Nd8 26. Qxa7) 23... Bxc8 24. b5 Nd8 25.
Qxa7 Ne6 26. b6 cxb6 27. Qxb6 g5 (27... Qe7) 28. h3 h5 29. Nh2 (29. Rd5 Nf4 30.
Qxf6 Bxf6) 29... Qe7 (29... Nf4) 30. Qb4 Qa7 31. Qb2 Nf4 32. Re3 Ba6 33. Rd6
Rb8 $2 {Diagram #} 34. Rxa6 Qxa6 35. Qxb8+ Kh7 36. Nf3 f6 37. Qb2 Bf8 38. Qb3
Kg7 39. a4 Bc5 40. Qb5 Qa7 41. Kh2 Bxe3 42. fxe3 Qxe3 43. Qd7+ Kh6 (43... Kg6 {
'='}) 44. Qf5 (44. Qf7 $18) 44... Kg7 45. Qd7+ Kh6 (45... Kg6 $11) 46. Qf5 (46.
Qf7 Qb6 47. a5 Qd6 48. c4 Qc6 49. c5 Nd3 50. Qf8+ Kh7 51. Nxg5+ fxg5 52. Qe7+
Kg6 53. Qd6+ Qxd6 54. cxd6 Nc5 55. a6 {winning.}) 1/2-1/2

[Event "Mechanics' Fall TNM; 30/90, SD/30"]
[Site "San Francisco"]
[Date "2014.11.25"]
[Round "5.20"]
[White "Reyes, Robert"]
[Black "Bayaraa, Chinguun"]
[Result "0-1"]
[WhiteElo "1607"]
[BlackElo "1868"]
[PlyCount "98"]
[EventDate "2014.??.??"]

1. e4 c5 2. c3 Nf6 3. e5 Nd5 4. d4 cxd4 5. cxd4 e6 6. Nf3 Be7 7. Bd2 Qb6 8. Qc2
Nc6 9. Bc3 a6 10. a3 Qd8 11. Nbd2 d6 12. Nc4 dxe5 13. Ncxe5 Nxe5 14. Nxe5 Bd7
15. Bd3 h6 16. O-O Rc8 17. Bg6 O-O 18. Be4 Nxc3 19. bxc3 Qc7 20. Rfc1 Bf6 21.
Nxd7 Qxd7 22. Qd3 b5 23. Rab1 Rc4 24. Rb4 Rfc8 25. Rc2 Be7 26. Rb3 Bf6 27. Qd2
e5 28. Bd3 R4c7 29. dxe5 Bxe5 30. g3 Rd8 31. Qe3 Qxd3 32. Qxe5 Qxc2 33. Qxc7
Rd1+ 34. Kg2 Qxb3 35. Qc8+ Kh7 36. Qf5+ g6 37. Qf3 Qd5 38. Qxd5 Rxd5 39. Kf3
Rd3+ 40. Kg2 Rxc3 41. Kh3 Rxa3 42. f4 b4 43. Kg4 b3 44. h4 b2 45. f5 b1=Q 46.
Kh3 Qxf5+ 47. Kg2 Qf3+ 48. Kg1 Ra1+ 49. Kh2 Rh1# 0-1

[Event "Mechanics' Spring TNM; 30/90, SD/30"]
[Site "San Francisco"]
[Date "2014.05.06"]
[Round "8.20"]
[White "Reyes, Robert"]
[Black "Chandrasekaran, Siddarth"]
[Result "0-1"]
[WhiteElo "1383"]
[BlackElo "1596"]
[PlyCount "46"]
[EventDate "2014.??.??"]

1. e4 e5 2. Nf3 Nc6 3. d4 exd4 4. Nxd4 Bc5 5. Be3 Qf6 6. c3 Nh6 7. Be2 O-O 8.
Qd2 d6 9. Bg5 Qg6 10. Nxc6 bxc6 11. Bf3 Ba6 12. Qf4 f5 13. Qh4 fxe4 14. Bxe4
Rae8 15. f3 Rxe4+ 16. fxe4 Bf2+ 17. Qxf2 Rxf2 18. Kxf2 Ng4+ 19. Kf3 Qxg5 20. h4
Ne5+ 21. Kf2 Qf4+ 22. Kg1 Qe3+ 23. Kh2 Ng4# 0-1